Moderne Länder des Römischen Reiches auf einer Karte - Statistiken

Allgemein
  • Dieses Quiz wurde 6.583 mal gespielt
  • Das Durchschnittsergebnis liegt bei 46 aus 50
Antworten auf der Karte
Die Antworten werden auf der Karte rot bzw. grün angezeigt, abhängig davon wie oft sie richtig erraten wurden.
 
Antwortstatistiken
Land % Korrekt
Belgien
99%
Deutschland
99%
Frankreich
99%
Italien
99%
Österreich
99%
Portugal
99%
Schweiz
99%
Spanien
99%
Griechenland
98%
Luxemburg
98%
Niederlande
98%
Türkei
98%
Vereinigtes Königreich
98%
Ägypten
97%
Kroatien
97%
Marokko
96%
Ungarn
96%
Albanien
95%
Slowenien
95%
Bosnien und Herzegowina
94%
Liechtenstein
94%
Rumänien
94%
Serbien
94%
Andorra
93%
Bulgarien
93%
Vatikanstadt
93%
Algerien
92%
Israel
92%
Kosovo
92%
Monaco
92%
Slowakei
92%
Nordmazedonien
91%
San Marino
91%
Zypern
91%
Irak
90%
Malta
90%
Tunesien
90%
Iran
89%
Montenegro
89%
Syrien
88%
Ukraine
88%
Libyen
85%
Saudi-Arabien
85%
Georgien
84%
Russland
84%
Armenien
80%
Jordanien
80%
Libanon
80%
Aserbaidschan
78%
Kuwait
63%
Keine übereinstimmenden Quizze gefunden
Verteilung der Resultate
Anzahl Personen mit jedem Resultat
Perzentil nach korrekt beantworteten Fragen
Ihre Resultats-Entwicklung
Sie haben dieses Quiz noch nicht gespielt